00620 a2200181 450000500170000000800410001702000180005804000550007604100080013110000220013924500990016126000460026030000300030650400530033665000150038965000110040465000230041520140903174926.0130926e2011 xxub frn 001 0deng d a9780374533229 aCO-BoUCMbspacRoberto BurgosdAldemar Mondragón00aeng1 aFukuyama, Francis14aThe origins of political order from prehuman times to the French RevolutioncFrancis Fukuyama c2011bFarrar, Straus and GirouxaNew York axiv, 585 páginasbmapas aIncluye referencias bibliográficas e índices 7aDemocracia 7aEstado 7aGobierno comparado